000 00812nam a22002057a 4500
005 20090121095850.0
008 090121t xxu||||| |||| 00| 1 eng d
010 _aB-358974
020 _a8175735910
_c135.00
035 _aB-358974
037 _bBlueberry Books
040 _adpl
_bEnglish
082 _aS
245 _aBest of jataka tales /
_cretold & edited by Shyam Dua
260 _aDelhi
_bTiny Tot Publications
_c2008
300 _a144 p.:
_bcol. photos
_c25cm(Hb)
942 _2ddc
_cCH
_hS
_mBES
999 _c21813
_d21813